000 00680nam a2200217Ia 4500
005 20241129104209.0
008 241129s9999||||xx |||||||||||||| ||und||
020 _a9781526158253
037 _aTextual
040 _aRTL
_beng
_cRTL
041 _aeng
_2eng
084 _aY9(W) R2
_qRTL
100 _aMunch Victor C. De; Sobo Elisa J.
_9725199
245 0 _aAnthropology of power agency and morality: The enduring legacy of F.G.Bailey
_cMunch Victor C. De; Sobo Elisa J.
260 _aLondon
_bManchester University Press
_c2022
300 _axv,295p.
365 _aINR
_b9095.4
650 _aAnthropology
942 _cTB
_hY9(W) R2
999 _c1224837
_d1224837